| 000 | 01459nam a2200253Ia 4500 | ||
|---|---|---|---|
| 001 | 18609 | ||
| 003 | GE_BSU | ||
| 008 | 181216s||||||||xx |||||||||||||| ||und|| | ||
| 020 | _a9992881216 | ||
| 040 | _cGE_BSU | ||
| 100 | _aშამილაძე ვ. | ||
| 245 | _aქართველ და უცხოელ მოგზაურ მკვლევართა ეთნოლოგიური ცნობები კავკასიის ხალხების შესახებ: უძძველესი დროიდან XIX საუკუნის დასასრულამდე | ||
| 245 | _cრედ. ს. ჭანტურიშვილი | ||
| 250 | _aთსუ ეთნოლოგიის კათედრა | ||
| 260 | _aთბილისი | ||
| 260 | _bუნივერსალი | ||
| 260 | _c2001 | ||
| 300 | _a243გვ.20სმ. | ||
| 300 | _eსაძიებ. გვ. 296-240. ბიბლ. ტექსტის შენიშვნა | ||
| 541 | _h8ლ. | ||
| 653 | _aქართველ და უცხოელ მოგზაურ მკვლევართა ეთნოლოგიური ცნობები კავკასიის ხალხების შესახებ: უძძველესი დროიდან XIX საუკუნის დასასრულამდე | ||
| 653 | _aქსეროქსი | ||
| 942 | _cBK | ||
| 999 |
_c51618 _d51618 |
||